000 00413ntaaa2200169 4500
003 01
005 20251027201347.0
008 0714s1973 ag 01
040 _aAR-BaBN
_bspa
_cAR-BaBN
_eaacr
_dRIC
082 _a225.0000 H35
100 _aHeard, Richard
_912010
245 _aIntroduction to the New Testament
250 _a1 ed. :
_bBlack,
_cc1950
300 _a268 p.
650 _aNuevo Testamento
942 _cBK
999 _c8133
_d8133